Γιατί αποτυγχάνουν τα παιδιά

Αποθηκεύτηκε σε:
Λεπτομέρειες βιβλιογραφικής εγγραφής
Κύριος συγγραφέας: Holt, John
Άλλοι συγγραφείς: Τσαρμακλή, Δροσούλα (trlf)
Μορφή: Βιβλίο
Γλώσσα:Greek
English
Δημοσίευση: Αθήνα : Καστανιώτης, 1995.
Έκδοση:Έκδ. αναθ.
Σειρά:Σύγχρονη παιδαγωγική βιβλιοθήκη
Θέματα:
Ετικέτες: Προσθήκη ετικέτας
Δεν υπάρχουν, Καταχωρήστε ετικέτα πρώτοι!

MARC

LEADER 00000cam a2200000 i 4500
001 1/86583
008 980326s1995 gr | ||| |||| ||gre||
020 |a 960031408X 
035 |a 1997  |b 3  |c Πολεμικός  |l 10035012 
040 |a GR-MY-UA  |b gre  |e aacr 
041 1 |a gre  |h eng 
082 7 |a 371.28   |2 (22) 
100 1 |a Holt, John. 
245 1 0 |a Γιατί αποτυγχάνουν τα παιδιά /   |c Τζών Χόλτ ; μετάφραση: Δροσούλα Τσαρμακλή.  
250 |a Έκδ. αναθ.  
260 |a Αθήνα :   |b Καστανιώτης,   |c 1995.  
300 |a 313 σ. ;   |c 24 εκ.  
490 1 |a (Σύγχρονη παιδαγωγική βιβλιοθήκη)  
500 |a Μετάφραση του: How Children Fail 
650 0 0 |a Promotion (School) 
650 0 0 |a Underachievers. 
650 0 0 |a Grade repetition. 
650 0 0 |a Dropouts. 
650 0 0 |a Failure (Psychology) 
700 1 |a Τσαρμακλή, Δροσούλα,  |e trlf 
830 0 |a Σύγχρονη παιδαγωγική βιβλιοθήκη 
852 |a INST  |b RHODES  |e 19980326  |h 371.28 HOL  |p 005400010914  |q 005400010914  |t BK  |y 0 
901 |a BIBL-1998-1 
909 |a Ρ  |b 051900 
970 |z 1998/03